Score 0/50 Timer 05:00
11 Plays Today
% Correct
Salt Lake City
97%
Sacramento
95.9%
Seahawks
95.7%
Sodium
95%
Silver
94.8%
Sulfur
94.7%
Silicon
94.3%
Stravinsky
93.3%
Sadie
92.9%
Santa Fe
92.6%
Spurs
92.6%
The Sound of Music
92.6%
Slumdog Millionaire
92.4%
Sharks
92.4%
Shakespeare in Love
92.1%
Sophia
90.7%
Scrabble
89.4%
Strauss
89.4%
Springfield
88.7%
Strontium
88.6%
Sabres
88.6%
Shostakovich
88.3%
Scarlett
88.2%
Suns
87.4%
Stella
87%
% Correct
Schumann
86.8%
Sectumsempra
86.3%
Sorry!
86.3%
Serpensortia
85.8%
Scene It?
85.7%
Saint Paul
83.4%
Scattergories
83.3%
Scourgify
83%
Stratego
82.5%
Saratoga
81.3%
Skyler
81.3%
Saigon
80.7%
Stupefy
80.1%
The Sting
80%
Santiago de Cuba
78.4%
Sigyn
73.3%
Syn
70.2%
Sif
69.5%
Spotlight
65.3%
Sonorus
64.3%
Sága
63.5%
Shiloh
62.2%
Saint-Saëns
57.7%
Snotra
57.5%
Spotsylvania
50%

You're not logged in!

Compare scores with friends on all Sporcle quizzes.
OR
Log In

Sporcle TV

Today on Sporcle TV


Watch our educational content, quiz creation guides, and fun videos on Sporcle TV.

Show Comments

Extras

Top Quizzes Today


Score Distribution

Your Account Isn't Verified!

In order to create a playlist on Sporcle, you need to verify the email address you used during registration. Go to your Sporcle Settings to finish the process.

Report this User

Report this user for behavior that violates our Community Guidelines.

Details: